Statistics for Barcelona 2005/06 squad

Click here to take the quiz!

General Stats

  • This quiz has been taken 20 times
  • The average score is 11 of 25

Answer Stats

Shirt no.Player% Correct
5Carles Puyol
94%
19Lionel Messi
94%
1Víctor Valdés
94%
24Andrés Iniesta
81%
9Samuel Eto'o
81%
6Xavi
81%
10Ronaldinho
75%
20Deco
56%
Frank Rijkaard
56%
12Giovanni van Bronckhorst
50%
4Rafael Márquez
50%
16Sylvinho
44%
3Thiago Motta
44%
15Edmílson
38%
8Ludovic Giuly
38%
17Mark van Bommel
38%
25Albert Jorquera
31%
7Henrik Larsson
25%
18Gabri
13%
11Maxi López
13%
23Oleguer Presas
13%
14Santiago Ezquerro
13%
27Carlos Peña
0%
26Rodri
0%
28Rubén
0%

Score Distribution

Percentile by Number Answered

Percent of People with Each Score

Your Score History

You have not taken this quiz